Proceedings of the International Symposium on Rock Mechanics. (Record no. 83282)
[ view plain ]
| 000 -LEADER | |
|---|---|
| campo de control de longitud fija | 00702nam a2200205 i 4500 |
| 001 - NÚMERO DE CONTROL | |
| campo de control | 83282 |
| 003 - IDENTIFICADOR DE NÚMERO DE CONTROL | |
| campo de control | ES-MaACL |
| 005 - FECHA Y HORA DE LA ÚLTIMA TRANSACCIÓN | |
| campo de control | 20230906174814.0 |
| 007 - CAMPO FIJO DE DESCRIPCIÓN FÍSICA--INFORMACIÓN GENERAL | |
| campo de control de longitud fija | t| |
| 008 - DATOS DE LONGITUD FIJA--INFORMACIÓN GENERAL | |
| campo de control de longitud fija | 041116s1970 sp ||||1| eng d |
| 111 2# - ENTRADA PRINCIPAL--NOMBRE DE CONGRESO/REUNIÓN | |
| Nombre de congreso/reunión o jurisdicción como elemento de entrada | International Symposium on Rock Mechanics ( |
| Fecha del congreso o de la firma del tratado | 1968. |
| Sede del congreso/Lugar de la reunión | Madrid) |
| 9 (RLIN) | 764 |
| 245 10 - MENCIÓN DEL TÍTULO | |
| Título | Proceedings of the International Symposium on Rock Mechanics. |
| 250 ## - MENCION DE EDICION | |
| Mención de edición | [1ª ed.]. |
| 260 ## - PUBLICACIÓN, DISTRIBUCIÓN, ETC. | |
| Lugar de publicación, distribución, etc. | Madrid : |
| Nombre del editor, distribuidor, etc. | Blume, |
| Fecha de publicación, distribución, etc. | [1970] |
| 300 ## - DESCRIPCIÓN FÍSICA | |
| Extensión | XX, 422 p. : |
| Otras características físicas | il. ; |
| Dimensiones | 31 cm. |
| 490 1# - MENCIÓN DE SERIE | |
| Mención de serie | Publicación de la Sociedad Española de Mecánica de Rocas |
| 830 0# - PUNTO DE ACCESO ADICIONAL DE SERIE-TÍTULO UNIFORME | |
| Título uniforme | Publicación de la Sociedad Española de Mecánica de Rocas |
| 9 (RLIN) | 231617 |
| 852 ## - LOCALIZACIÓN | |
| Ubicación | ES-MaACL |
| Número de control de estantería | C-42176 |
| Sublocalización o colección | R.72970 |
| Estatus retirado | Estado de pérdida | Estado de daño | No para préstamo | Biblioteca de origen | Biblioteca actual | Ubicación en estantería | Fecha de adquisición | Fuente de adquisición | Total de préstamos | Signatura topográfica completa | Código de barras | Visto por última vez | Precio de reemplazo | Tipo de ítem Koha |
|---|---|---|---|---|---|---|---|---|---|---|---|---|---|---|
| Biblioteca del Ateneo de Madrid | Biblioteca del Ateneo de Madrid | Depósito 2 | 17/01/2008 | C-42176 | 1087046 | 23/02/2023 | 23/02/2023 | Libro impreso |
